[Event "66th ch-RUS w 2016"]
[Site "Novosibirsk RUS"]
[Date "2016.10.27"]
[Round "11"]
[White "Ovod,E"]
[Black "Bodnaruk,A"]
[Result "1-0"]
[WhiteElo "2362"]
[BlackElo "2463"]
[EventDate "2016.10.15"]

1. d4 Nf6 2. Bg5 e6 3. Nd2 h6 4. Bh4 c5 5. e4 cxd4 6. e5 g5 7. Bg3 Nd5 8.
h4 Nc6 9. hxg5 Qxg5 10. Ngf3 Qg7 11. Rh3 f5 12. Bc4 Nb6 13. Bb3 d5 14. exd6
e5 15. Nxe5 Nxe5 16. Qh5+ Kd8 17. Qh4+ Kd7 18. Qxd4 Ng6 19. Qc5 Kd8 20.
O-O-O Qd7 21. Nf3 Bg7 22. Ne5 Bxe5 23. Bxe5 Rf8 24. Rxh6 Nxe5 25. Qxe5 Qe8
26. Qc3 Qc6 27. Qg7 Re8 28. Qf6+ 1-0